000 01390nam a2200313 a 4500
999 _c346139
_d346139
003 BLK
005 20241206151647.0
008 191023b bu ||||| |||| 00| 0 bu d
020 _a9786199118634
040 _aBLK
041 _aBUL
_cBUL
080 _aИталианска литература
_b821.131.1
_z-31
_x821.131.1-31
100 _91299
_aДе Мария, Джорджо
_eпърви автор
139 _aДе Мария, Джорджо
_bД 30
245 _aДвайсетте дни в Торино
_bРепортаж от края на века
_cДжорджо Де Мария ; предг. Реймън Глейзов ; прев. от англ. Надежда Розова
260 _9391964
_aСофия
_bMY BOOK
_c2019
300 _a196 с.
_c21 см
380 _aX
501 _aОриг. загл: Le venti giornate di Torino / Giorgio De Maria Благодарности от Реймън Глейзов: с. 193 За авт., авт. на доп. материал: с. 194
700 _9401063
_aГлейзов, Реймън
_eпредг.
700 _aРозова, Надежда Иванова
_9366022
852 _aЦб 304349
_bЦб
942 _cKNG
_n0
_s1
_05
944 _aCR
_c2019-10-23
_lМинев Младен
_k30530
944 _aED
_c2020-11-17
_l2020-11-17
_kК.Д.
999 _d346139
999 _d346139
999 _d346139